|
|
|
|
| LEADER |
00000nab a2200000ua 4500 |
| 001 |
vtls010811502 |
| 003 |
SK-MaSNL |
| 005 |
20260303153219.0 |
| 008 |
230222s1954 xo |||||||||||||||||slo| |
| 035 |
|
|
|a (urnnbn)urn:nbn:sk:snk:ar-003rnp
|
| 035 |
|
|
|a urn:nbn:sk:snk-ab5gnl
|
| 035 |
|
|
|a (uuid)0cfcc026-edba-4140-ad6e-b2bbcc584559
|
| 040 |
|
|
|a SNKBUCL
|b slo
|c SNKBUCL
|e AACR2
|
| 041 |
0 |
|
|a slo
|
| 044 |
|
|
|a xo
|c SK
|
| 100 |
1 |
|
|a Hlaváč, J.
|4 aut
|9 503105
|
| 245 |
1 |
0 |
|a ZEMIAKY
|c J. Hlaváč, J. Záborský, V. Bojňanský
|
| 700 |
1 |
|
|a Záborský, J.
|4 aut
|9 272124
|
| 700 |
1 |
|
|a Bojňanský, Vít,
|d 1921-2009
|4 aut
|9 98414
|
| 773 |
0 |
|
|t Pôdohospodárstvo
|g Roč. 1, č. 4 (1954), s. 550-551
|
| 954 |
|
|
|a odborná, vedecká literatúra pôvodná (slovenská)
|2 lita
|
| 958 |
|
|
|a OND
|
| 958 |
|
|
|a EUIPO
|
| 958 |
|
|
|a article5
|
| 999 |
|
|
|c 2027249
|d 2029179
|